Guess the movie from character part 2 - Statistics

General Stats
  • This quiz has been taken 16 times
  • The average score is 11 of 24
Answer Stats
Picture Answer % Correct
Avenger
93%
Jumanji
93%
Alice in wonderland
73%
Interstellar
73%
The jungle book
73%
The little mermaid
73%
Top gun : maverick
73%
The Shawshank redemption
67%
Forrest gump
60%
Stranger things
60%
The maze runner
60%
The Truman show
60%
Enola Holmes
40%
Maleficent
33%
Beauty and the beast
27%
Fantastic beasts
27%
Now you see me
27%
Cinderella
20%
Cruella
20%
Green book
20%
The Green mile
20%
The terminal
13%
The meg
7%
Jack the giant slayer
0%
No matching quizzes found
Score Distribution
Percent of People with Each Score
Percentile by Number Answered
Your Score History
You have not taken this quiz